Optical and Wireless Technologies Proceedings of OWT 2017 /

This book presents selected papers from 1st International Conference on Optical and Wireless Technologies, providing insights into the analytical, experimental, and developmental aspects of systems, techniques, and devices in these spheres. It explores the combined use of various optical and wireles...

Full description

Bibliographic Details
Corporate Author: SpringerLink (Online service)
Other Authors: Janyani, Vijay (Editor, http://id.loc.gov/vocabulary/relators/edt), Tiwari, Manish (Editor, http://id.loc.gov/vocabulary/relators/edt), Singh, Ghanshyam (Editor, http://id.loc.gov/vocabulary/relators/edt), Minzioni, Paolo (Editor, http://id.loc.gov/vocabulary/relators/edt)
Format: Electronic eBook
Language:English
Published: Singapore : Springer Singapore : Imprint: Springer, 2018.
Edition:1st ed. 2018.
Series:Lecture Notes in Electrical Engineering, 472
Subjects:
Online Access:Full Text via HEAL-Link
LEADER 03240nam a2200577 4500
001 978-981-10-7395-3
003 DE-He213
005 20191022081140.0
007 cr nn 008mamaa
008 180212s2018 si | s |||| 0|eng d
020 |a 9789811073953  |9 978-981-10-7395-3 
024 7 |a 10.1007/978-981-10-7395-3  |2 doi 
040 |d GrThAP 
050 4 |a TK7876-7876.42 
072 7 |a TJFN  |2 bicssc 
072 7 |a TEC024000  |2 bisacsh 
072 7 |a TJFN  |2 thema 
082 0 4 |a 621.3  |2 23 
245 1 0 |a Optical and Wireless Technologies  |h [electronic resource] :  |b Proceedings of OWT 2017 /  |c edited by Vijay Janyani, Manish Tiwari, Ghanshyam Singh, Paolo Minzioni. 
250 |a 1st ed. 2018. 
264 1 |a Singapore :  |b Springer Singapore :  |b Imprint: Springer,  |c 2018. 
300 |a XLIII, 699 p.  |b online resource. 
336 |a text  |b txt  |2 rdacontent 
337 |a computer  |b c  |2 rdamedia 
338 |a online resource  |b cr  |2 rdacarrier 
347 |a text file  |b PDF  |2 rda 
490 1 |a Lecture Notes in Electrical Engineering,  |x 1876-1100 ;  |v 472 
505 0 |a PART 1:Optical Technologies -- PART 2: Wireless Technologies -- PART 3: General Scientific and Technical Research Trends. 
520 |a This book presents selected papers from 1st International Conference on Optical and Wireless Technologies, providing insights into the analytical, experimental, and developmental aspects of systems, techniques, and devices in these spheres. It explores the combined use of various optical and wireless technologies in next-generation networking applications, and discusses the latest developments in applications such as photonics, high-speed communication systems and networks, visible light communication, nanophotonics, and wireless and multiple-input-multiple-output (MIMO) systems. The book will serve as a valuable reference resource for academics and researchers across the globe. 
650 0 |a Microwaves. 
650 0 |a Optical engineering. 
650 0 |a Lasers. 
650 0 |a Photonics. 
650 0 |a Optical materials. 
650 0 |a Electronic materials. 
650 1 4 |a Microwaves, RF and Optical Engineering.  |0 http://scigraph.springernature.com/things/product-market-codes/T24019 
650 2 4 |a Optics, Lasers, Photonics, Optical Devices.  |0 http://scigraph.springernature.com/things/product-market-codes/P31030 
650 2 4 |a Optical and Electronic Materials.  |0 http://scigraph.springernature.com/things/product-market-codes/Z12000 
700 1 |a Janyani, Vijay.  |e editor.  |4 edt  |4 http://id.loc.gov/vocabulary/relators/edt 
700 1 |a Tiwari, Manish.  |e editor.  |4 edt  |4 http://id.loc.gov/vocabulary/relators/edt 
700 1 |a Singh, Ghanshyam.  |e editor.  |4 edt  |4 http://id.loc.gov/vocabulary/relators/edt 
700 1 |a Minzioni, Paolo.  |e editor.  |4 edt  |4 http://id.loc.gov/vocabulary/relators/edt 
710 2 |a SpringerLink (Online service) 
773 0 |t Springer eBooks 
776 0 8 |i Printed edition:  |z 9789811073946 
776 0 8 |i Printed edition:  |z 9789811073960 
776 0 8 |i Printed edition:  |z 9789811356278 
830 0 |a Lecture Notes in Electrical Engineering,  |x 1876-1100 ;  |v 472 
856 4 0 |u https://doi.org/10.1007/978-981-10-7395-3  |z Full Text via HEAL-Link 
912 |a ZDB-2-ENG 
950 |a Engineering (Springer-11647)